000 00352nam a22001337a 4500
020 _a8121924049
040 _cNUST
082 _a510 MAT
100 _aChand's, S
_9114071
245 _aCommon Entrance Test Mathematics
260 _aNew Delhi:
_bS Chand & Company LTD,
_c2004.
650 _aCommon Entrance Test Mathematics
_9114072
942 _2ddc
_cBK
999 _c595454
_d595454